Rodina a práca
| New Title: | Policy brief IVPR Policy paper IVPR |
|---|---|
| Format: | Journal |
| Language: | Slovak English |
| PhysicalDescription: | 8 zv. 21 cm |
| Published: |
Bratislava
Stredisko pre štúdium práce a rodiny
2005-2012
Bratislava Inštitút pre výskum práce a rodiny |
| ISSN: | 1336-7153 1339-3219 1339-3847 |
| Subjects: | |
| Online Access: | http://www.sspr.gov.sk/IVPR/index.php?option=com_content&view=article&id=14&Itemid=12&lang=sk http://www.ceeol.com/aspx/publicationdetails.aspx?publicationId=8ee5b52a-29a8-47d5-8339-fd254fbfe831 |
MARC
| LEADER | 00000cas a2200000 a 4500 | ||
|---|---|---|---|
| 001 | vtls008158861 | ||
| 003 | SK-MaSNL | ||
| 005 | 20260228162103.0 | ||
| 008 | 150904d20052012xo zr p 0 b0slo | ||
| 022 | |a 1336-7153 | ||
| 035 | |a (SVKBB03)vtls000217472 | ||
| 040 | |a SNK |b slo |c SNK |d SVKBB |d SAVUK |e AACR2 | ||
| 041 | 0 | |a slo |a eng | |
| 044 | |a xo |c SK | ||
| 072 | 7 | |a 316.8 |x Manželstvo a rodina. Sexuálne vzťahy |2 konspekt | |
| 072 | 7 | |a 331 |x Práca |2 konspekt | |
| 080 | |a 316.356.2 |2 2001 | ||
| 080 | |a 331 |2 2001 | ||
| 080 | |a 050 |2 2001 | ||
| 210 | 0 | |a Rod. pr. | |
| 222 | 0 | |a Rodina a práca | |
| 245 | 0 | 0 | |a Rodina a práca |
| 260 | |a Bratislava |b Stredisko pre štúdium práce a rodiny |c 2005-2012 | ||
| 260 | 3 | |3 2/2006-2012 |a Bratislava |b Inštitút pre výskum práce a rodiny | |
| 300 | |a 8 zv. |c 21 cm | ||
| 310 | |a Nepravidelne | ||
| 362 | 0 | |a 1 (mar. 2005)-5 (okt. 2012) | |
| 500 | |a Evidenčné číslo: EV 3377/09 | ||
| 505 | 0 | 0 | |g 1/2005 |t Mechanizmy úpravy minimálnej mzdy |r Margita Barošová |g 2/2005 |t Koncept sociálnej inklúzie - vybrané otázky |r Daniel Gerbery, Sylvia Porubänová, Kvetoslava Repková |g 3/2005 |t Atypické formy zamestnanosti na Slovensku : minulosť a súčasnosť |r Eneke Hanzelová, Zuzana Kostolná, Daniela Reichová |g 4/2005 |t Starnutie populácie - výzva na zmeny v službách pre starších ľudí |r Rastislav Bednárik, Bernardína Bodnárová |g 5/2005 |t Postoje k bezpečnosti a ochrane zdravia pri práci v praxi zamestnávateľských subjektov |r Viera Škvarková |g 6/2005 |t Súčasný stav výchovy a vzdelávania BOZP v SR |r Beata Perichtová, Miroslava Kordošová |g 7/2005 |t Podpora zamestnávania občanov so zdravotným postihnutím / |r Daniela Reichová, Kvetoslava Repková -- |g 8/2005 |t Kolektívne pracovné vzťahy vo vybraných odvetviach ekonomiky Slovenskej republiky / |r Ľudovít Cziria, Stanislav Buchta |
| 505 | 0 | 0 | |g 1/2006 |t Služby zamestnanosti v nových podmienkach: analýza implementačnej praxe |r E. Hanzelová, Z. Kostolná |g 2/2006 |t Mladí vo vede - aktuálne otázky vo výskumnej analýze |r R. Bednárik, B. Holubová, K. Repková |g 3/2006 |t Nevidiaci a slabozrakí ľudia na trhu práce a v prístupe k celoživotnému vzdelávaniu |r E. Hanzelová, Z. Kostolná, D. Reichová |g 4/2006 |t Zabezpečenie starostlivosti v rodinách so závislými členmi |r B. Bodnárová, D. Gerbery |g 5/2006 |t Pracovné podmienky ako determinanty rodovej nerovnosti práce |r Beata Perichtová, Slávka Matulová, Viera Škvarková |g 6/2006 |t Sprístupnenie trhov práce krajín Európskej únie a migrácia za prácou absolventov vysokých škôl SR |r Eneke Hanzelová, Zuzana Kostolná, Daniela Reichová |
| 505 | 0 | 0 | |g 1/2007 |t Životné podmienky rodín v medzigeneračnej perspektíve |r D. Gerbery, B. Bodnárová, J. Filadelfiová |g 2/2007 |t Pôsobenie zamestnaneckých rád u zamestnávateľa |r Ľudovít Czíria, Viera Škvarková |g 3/2007 |t Zdravotné postihnutie v mozaike vybraných faktov, výskumných zistení a dokumentov |r Kvetoslava Repková |g 4/2007 |t Sexuálne obťažovanie na pracovisku ako forma diskriminácie a rodovo podmieneného násilia (výsledky empirického výskumu) |r Barbora Holubová |g 5/2007 |t Rodová rovnosť vo svete práce |r Margita Barošová, Beata Perichtová |g 6/2007 |t Atypical forms of employment : tendencies and perspectives |r Róbert Tésits, Eneke Hanzelová |g 7/2007 |t Vplyv dôchodkovej reformy na starších ľudí |r Rastislav Bednárik |
| 505 | 0 | 0 | |g 1/2008 |t Zručnosti vedeckej komunikácie mladých spoločenskovedných výskumníkov |r Rastislav Bednárik, Barbora Holubová, Kvetoslava Repková |g 2/2008 |t Aktuálne otázky migrácie do zahraničia v optike výskumu |r Jana Vavrečková, Eneke Hanzelová, Daniela Kešelová, Zuzana Kostolná |g 3/2008 |t Vybrané aktuálne otázky systému vnútroštátneho riadenia BOZP |r Viera Škvarková |g 4/2008 |t Násilie páchané na ženách ako hraničná téma rodovej nerovnosti |r Barbora Holubová |g 5/2008 |t Pripravované programové zámery výskumu bezpečnosti a ochrany zdravia pri práci v SR |r Teodor Hatina, Kvetoslava Repková |
| 505 | 0 | 0 | |g 1/2009 |t Možnosti využitia a zberu etnických dát v sociálno-právnej ochrane a kuratele detí |r Milan Fico |g 2/2009 |t Starnutie a predlžovanie pracovného života |r Bernardína Bodnárová, Zuzana Kostolná |g 3/2009 |t Znevýhodnené skupiny na trhu práce - zamestnávanie a zamestnateľnosť |r Daniela Kešelová |g 4/2009 |t Výsledky prieskumnej sondy o upratňovaní kolektívnych pracovných vzťahov v podnikoch na Slovensku |r Margita Barošová, Ľudovít Czíria |g 5/2009 |t Pro-zamestnanecká perspektíva neformálne opatrujúcich osôb |r Kvetoslava Repková |g 6/2009 |t Empirické súvislosti migračných tokov kvalifikovanej pracovnej sily v prihraničnom regióne medzi východným Rakúskom a Slovenskom |r Marc Bittner, Michaela Hudler-Seitzberger, Claudia Tschipan, Rastislav Bednárik, Zuzana Kostolná, Daniela Kešelová |g 7/2009 |t Aktuálne výzvy a očakávania európskej agendy rodovej rovnosti |r Sylvia Porubänová |
| 505 | 0 | 0 | |g 1/2010 |t Prechodný trh práce ako nástroj tranzície dlhodobo nezamestnaných na otvorenýc trh práce |r Pavol Belan |
| 505 | 0 | 0 | |g 1/2011 |t Sociálne bývanie - aktuálne otázky a trendy v jeho podpore |r Milan Fico |g 2/2011 |t Vybrané aspekty organizácie pracovného času |r Beata Perichtová |g 3/2011 |t Prechod zo školy na trh práce: konceptuálny rámec a indikátory |r Eneke Hanzelová |g 4/2011 |t Rodová dimenzia vo vede - aktálne výzvy a problémy |r Sylvia Porubänová |g 5/2011 |t Pracovná migrácia v prihraničnom regióne: kontextové súvislosti |g 6/2011 |t Odborná spôsobilosť osôb v oblasti bezpečnosti prevádzky vybraných pracovných prostriedkov |r Miroslav Novotný |
| 505 | 0 | 0 | |g 1/2012 |t "Ozeleňovanie" ekonomiky a zmeny kvalifikačných potrieb v kontexte trhu práce SR |r Pavol Bellan |g 2/2012 |t Monitorovanie prekážok zapájania akreditovaných subjektov do výkonu sociálno-právnej ochrany |r Milan Fico |g 3/2012 |t Vzdelávanie zamestnancov v aplikačnej praxi zamestnávateľských subjektov |r Daniela Kešelová |g 4/2012 |t Dobrovoľníctvo v kontexte aktívneho starnutia: konceptuálna evolúcia a pretrvávajúce stereotypy |r Kvetoslava Repková |g 5/2012 |t Osobné ochranné pracovné prostriedky - bariéra pred nebezpečenstvom v práci |r Miroslava Kordošová |
| 546 | |a Čiast. text v angl. | ||
| 650 | 0 | 7 | |a rodina |2 SNKPH |9 4138 |
| 650 | 0 | 7 | |a práca |2 SNKPH |9 2337 |
| 655 | 7 | |a odborné časopisy |2 SNKPH |9 70505 | |
| 785 | 0 | 0 | |t Policy brief IVPR |x 1339-3219 |w vtls010521745 |
| 785 | 0 | 0 | |t Policy paper IVPR |x 1339-3847 |w vtls010550939 |
| 852 | |a Štátna vedecká knižnica v Banskej Bystrici | ||
| 856 | 4 | 1 | |u http://www.sspr.gov.sk/IVPR/index.php?option=com_content&view=article&id=14&Itemid=12&lang=sk |
| 856 | 4 | 1 | |u http://www.ceeol.com/aspx/publicationdetails.aspx?publicationId=8ee5b52a-29a8-47d5-8339-fd254fbfe831 |
| 910 | |a snk | ||
| 910 | |a savuk | ||
| 916 | |a 2005-2012 | ||
| 958 | |a NB | ||
| 958 | |a OND | ||
| 999 | |c 6765 |d 8695 | ||
| 952 | |0 0 |1 0 |4 0 |7 0 |8 0 |a SNK |b SNK |d 2015-09-03 |f 1 |i snk2015/25524 |l 0 |o snkČSC 3583/2005 |p 17A1048103 |r 2026-02-21 20:43:25 |t č. 1-8 |w 2026-02-21 |y PREZ | ||
| 952 | |0 0 |1 0 |4 0 |7 0 |8 0 |a SNK |b SNK |d 2015-09-03 |f 1 |i snk2015/25529 |l 0 |o snkČSC 3583/2006 |p 17A1048110 |r 2026-02-21 20:43:25 |t č. 1-6 |w 2026-02-21 |y PREZ | ||
| 952 | |0 0 |1 0 |4 0 |7 0 |8 0 |a SNK |b SNK |d 2015-09-03 |f 1 |i snk2015/25530 |l 0 |o snkČSC 3583/2007 |p 17A1048111 |r 2026-02-21 20:43:25 |t č. 1-7 |w 2026-02-21 |y PREZ | ||
| 952 | |0 0 |1 0 |4 0 |7 0 |8 0 |a SNK |b SNK |d 2015-09-03 |f 1 |i snk2015/25531 |l 0 |o snkČSC 3583/2008 |p 17A1048112 |r 2026-02-21 20:43:25 |t č. 1-5 |w 2026-02-21 |y PREZ | ||
| 952 | |0 0 |1 0 |4 0 |7 0 |8 0 |a SNK |b SNK |d 2015-09-03 |f 1 |i snk2015/25532 |l 0 |o snkČSC 3583/2009 |p 17A1048113 |r 2026-02-21 20:43:25 |t č. 1-7 |w 2026-02-21 |y PREZ | ||
| 952 | |0 0 |1 0 |4 0 |7 0 |8 0 |a SNK |b SNK |d 2015-09-03 |f 1 |i snk2015/25533 |l 0 |o snkČSC 3583/2010 |p 17A1048114 |r 2026-02-21 20:43:25 |t č. 1-7 |w 2026-02-21 |y PREZ | ||
| 952 | |0 0 |1 0 |4 0 |7 0 |8 0 |a SNK |b SNK |d 2015-09-03 |f 1 |i snk2015/25534 |l 0 |o snkČSC 3583/2011 |p 17A1048115 |r 2026-02-21 20:43:25 |t č. 1-7 |w 2026-02-21 |y PREZ | ||
| 952 | |0 0 |1 0 |4 0 |7 0 |8 0 |a SNK |b SNK |d 2015-09-03 |f 1 |i snk2015/25535 |l 0 |o snkČSC 3583/2012 |p 17A1048116 |r 2026-02-21 20:43:40 |t č. 1-5 |w 2026-02-21 |y PREZ | ||
| 952 | |0 0 |1 0 |4 0 |7 0 |8 0 |a SNK |b SNK |d 2015-09-03 |i snk2015/25536 |l 0 |o snkČSC 3583/2009 D1 |p 17A1048117 |r 2026-02-21 20:43:40 |t č. 1-7 |w 2026-02-21 |y PREZ | ||
| 952 | |0 0 |1 0 |4 0 |7 0 |8 0 |a SNK |b SNK |d 2015-09-03 |i snk2015/25537 |l 0 |o snkČSC 3583/2005 D1 |p 17A1048118 |r 2026-02-21 20:43:40 |t č. 1-8, neúpl. |w 2026-02-21 |y PREZ |z chýba č. 3 | ||
| 952 | |0 0 |1 0 |4 0 |7 0 |8 0 |a SNK |b SNK |d 2015-09-03 |i snk2015/25538 |l 0 |o snkČSC 3583/2006 D1 |p 17A1048119 |r 2026-02-21 20:43:40 |t č. 1-6, neúpl. |w 2026-02-21 |y PREZ |z chýba č. 3 | ||
| 952 | |0 0 |1 0 |4 0 |7 0 |8 0 |a SNK |b SNK |d 2015-09-03 |i snk2015/25539 |l 0 |o snkČSC 3583/2007 D1 |p 17A1048120 |r 2026-02-21 20:43:40 |t č. 1-7 |w 2026-02-21 |y PREZ | ||
| 952 | |0 0 |1 0 |4 0 |7 0 |8 0 |a SNK |b SNK |d 2015-09-03 |i snk2015/25540 |l 0 |o snkČSC 3583/2008 D1 |p 17A1048121 |r 2026-02-21 20:43:40 |t č. 1-5 |w 2026-02-21 |y PREZ | ||
| 952 | |0 0 |1 0 |4 0 |7 0 |8 0 |a SNK |b SNK |d 2015-09-03 |i snk2015/25541 |l 0 |o snkČSC 3583/2010 D1 |p 17A1048122 |r 2026-02-21 20:43:40 |t č. 1-7 |w 2026-02-21 |y PREZ | ||
| 952 | |0 0 |1 0 |4 0 |7 0 |8 0 |a SNK |b SNK |d 2015-09-03 |i snk2015/25542 |l 0 |o snkČSC 3583/2011 D1 |p 17A1048123 |r 2026-02-21 20:43:40 |t č. 1-7 |w 2026-02-21 |y PREZ | ||
| 952 | |0 0 |1 0 |4 0 |7 0 |8 0 |a SNK |b SNK |d 2015-09-03 |i snk2015/25543 |l 0 |o snkČSC 3583/2012 D1 |p 17A1048124 |r 2026-02-21 20:43:40 |t č. 1-5 |w 2026-02-21 |y PREZ | ||


